| 000 | 00372 a2200133 4500 | ||
|---|---|---|---|
| 999 |
_c325710 _d325710 |
||
| 001 | 90637 | ||
| 003 | NUST | ||
| 082 | _a003.1 KEE | ||
| 100 |
_aKeesman, Karel J _99889 |
||
| 245 | _aSystem Identification; an introduction | ||
| 260 |
_aU K _bSpringer _c2011 |
||
| 300 | _axxvi, 323 p. | ||
| 740 | _adata bsed identification; time invariant based identification | ||
| 942 |
_aNUST-CAE _cBK _k003.1 KEE _2ddc |
||